[Event "Athens of East GM-Open 2019"]
[Site "Madurai"]
[Date "2019.08.14"]
[Round "5.11"]
[White "Laxman, R.R."]
[Black "Priyanka, Kumari"]
[Result "1-0"]
[WhiteElo "2429"]
[BlackElo "1991"]
[Annotator "TA"]
[PlyCount "101"]
[EventDate "2019.08.11"]
[EventType "swiss"]
[EventCountry "IND"]
[SourceTitle "playchess.com"]
[Source "ChessBase"]
[SourceQuality "1"]

{[%evp 9,101,8,8,5,9,8,25,16,16,16,25,16,36,15,20,16,19,0,25,15,27,7,79,64,73,71,61,67,126,123,126,122,129,129,130,29,27,27,133,133,135,137,125,123,191,162,172,47,49,50,66,56,196,200,206,205,230,229,238,235,244,206,215,209,215,206,207,206,213,201,234,233,222,195,263,250,386,383,380,338,429,426,418,400,863,877,5321,5314,29984,29985,29985,29986,29995,29996]} 1. Nf3 Nf6 2. b3 e6 3. Bb2 b6 4. c4 Bb7 5. g3 d5 6. Bg2 {A13: English Opening: 1...e6} Be7 (6... dxc4 7. bxc4 c5 8. O-O Be7 9. d3 O-O 10. Nbd2 Nc6 11. Ne5 Qc7 12. Ndf3 Nxe5 13. Bxe5 Qd7 14. a4 Qc8 15. a5 Nd7 16. Bc3 Bc6 17. Qc2 Bf6 18. Bxf6 Nxf6 {½-½ (30) So,W (2815)-Carlsen,M (2832) chess.com INT 2017}) 7. cxd5 Bxd5 8. Nc3 {White has an edge.} Bb7 9. O-O O-O 10. Rc1 c5 11. d4 Nbd7 12. dxc5 Nxc5 13. Qc2 $146 ({Predecessor:} 13. b4 Nce4 14. Nxe4 Bxe4 15. Qa4 b5 16. Qxb5 {½-½ (40) Mesropov,K (2426)-Lebedev,A (1942) Moscow 2012}) 13... Rc8 14. Rfd1 Qe8 15. Qb1 Nce4 {[#]} (15... Nfe4 $11) 16. Ng5 $1 $16 {[%cal Rc3e4][%mdl 576] Pin} Nxf2 (16... Nxg5 17. Bxb7) 17. Bxb7 Nxd1 18. Rxd1 Rc5 ({Black should try} 18... Rd8 $14) 19. Nce4 $36 {[%mdl 2048] White is in control.} Nxe4 20. Nxe4 Rc7 21. Ba6 f5 22. Be5 (22. Nf2 $16) 22... fxe4 $11 23. Bxc7 Qc6 (23... Bc5+ $1 $11 24. Kh1 Qc6) 24. Bf4 $16 {aiming for Qc1.} b5 25. Bxb5 $1 {[%mdl 64] Deflection} Qxb5 26. Qxe4 Qa6 (26... Qf5 $16 27. Qxf5 exf5) 27. Bd6 Qb6+ 28. e3 ({Better is} 28. Kh1 $18 Bxd6 29. Qxe6+ {[%mdl 64] Double Attack} Kh8 30. Qxd6 (30. Rxd6 Qa5 $16)) 28... Bxd6 $14 29. Qxe6+ {[%mdl 64] Double Attack} Kh8 {...Bc5! is the strong threat.} 30. Rxd6 {[%mdl 4096] Endgame KQR-KQR} Qb5 {[#]} (30... Qa5 $14 31. Rd1 Qxa2) 31. Qf7 $1 $18 {[%cal Rf7f8][%mdl 512]} Qb8 (31... Rxf7 32. Rd8+) 32. Qd5 Qe8 33. e4 Qc8 34. Rc6 Qg4 35. Qd3 h6 36. e5 Qb4 37. Qe3 Qg4 {( -> ...Qd1+)} 38. Rc1 Rf3 39. Qd2 Qf5 40. Re1 Rd3 41. Qf2 Qe6 (41... Qxf2+ {was worth a try.} 42. Kxf2 Kg8) 42. Qxa7 {And now Qa8+ would win.} Rd2 (42... Qd5 $142) 43. Qa8+ Kh7 {intending ...Qb6+.} 44. Qe4+ Kh8 45. Re2 Qb6+ 46. Kg2 Rd1 (46... Rxe2+ $142 47. Qxe2 Qc6+ 48. Kf2 Qc5+ 49. Kg2 Qd5+ 50. Kh3 Qe6+ 51. g4 h5) 47. Rf2 {[%cal Rf2f8]} Qc5 48. e6 {White threatens e7 and mate.} Qe7 49. Rf7 {White mates.} Rd2+ 50. Kh3 Qc5 51. Qg6 {Accuracy: White = 67%, Black = 36%.} 1-0

[Event "Athens of East GM-Open 2019"]
[Site "Madurai"]
[Date "2019.08.14"]
[Round "5.12"]
[White "Murali Krishnan B T"]
[Black "Karthikeyan, P.."]
[Result "0-1"]
[WhiteElo "2192"]
[BlackElo "2415"]
[Annotator "TA"]
[PlyCount "88"]
[EventDate "2019.08.11"]
[EventType "swiss"]
[EventCountry "IND"]
[SourceTitle "playchess.com"]
[Source "ChessBase"]
[SourceQuality "1"]

{[%evp 20,182,31,33,35,28,26,4,14,0,1,0,0,0,9,0,0,0,0,0,0,0,0,-25,11,-22,-40,-24,0,0,0,0,19,14,166,174,179,177,214,210,223,206,234,0,0,0,0,-102,0,0,0,-18,0,0,0,-77,-81,-105,-84,-89,-87,-84,-87,-133,-131,-131,-128,-162,-162,-162,-162,-162,-135,-197,-185,-402,-393,-489,-507,-412,-404,-496,-489,-478,-454,-404,-222,-222,-203,-203,-203,-203,-203,-203,-203,-203,-203,-203,-203,-203,-203,-203,-203,-203,-203,-203,-203,-222,-203,-203,-203,-222,-203,-203,-203,-203,-203,-203,-203,-203,-203,-203,-203,-222,-222,-222,-222,-222,-222,-222,-222,-222,-222,-222,-222,-29965,-29966,-29966,-29967,-29968,-29969,-29969,-29969,-29969,-29968,-29969,-29970,-29969,-29970,-29970,-29971,-29971,-29972,-29972,-29973,-29973,-29974,-29974,-29975,-29975,-29976,-29976,-29975,-29975,-29974]} 1. d4 Nf6 2. c4 g6 3. Nc3 Bg7 4. e4 d6 5. f3 O-O 6. Nge2 c5 7. d5 e6 8. Ng3 exd5 9. cxd5 a6 10. a4 Nbd7 11. Be2 Ne8 {A65: Modern Benoni: 6 e4} 12. O-O (12. Bf4 Rb8 13. O-O c4 14. Bxc4 Qb6+ 15. Rf2 Bd4 16. Qd2 Ne5 17. Bf1 Bxf2+ 18. Qxf2 Qxf2+ 19. Kxf2 {½-½ (32) Carlsen,M (2835)-Nepomniachtchi,I (2763) Wijk aan Zee 2019}) 12... Rb8 13. Qc2 Nc7 {The position is equal.} 14. a5 b5 15. axb6 Rxb6 16. Bd2 $146 ({Predecessor:} 16. f4 Qe7 17. e5 dxe5 18. Nge4 Nb5 19. Nxb5 axb5 {½-½ (53) Deslias,G (1943)-Kirk,E (2111) Montlucon 2011}) 16... Rb8 17. f4 Nb5 18. Nxb5 axb5 19. Bc3 Bxc3 20. Qxc3 c4 21. Kh1 (21. Qd2 {seems wilder.} Nc5 22. f5 Re8 23. Qf4 g5 24. Qe3) 21... Qf6 (21... Nc5 {keeps more tension.} 22. f5 Qg5 23. Rf3 Bd7 24. Raf1 Rbe8) 22. e5 dxe5 23. f5 Qh4 24. Rad1 Rb6 25. Qe3 Re8 26. Ne4 ({Don't play} 26. fxg6 hxg6 27. Ne4 f5 $17) 26... gxf5 $2 (26... Ra6 $11) 27. Rxf5 $18 Rh6 {[%csl Gh6][%cal Rh4h2]} 28. h3 Nf8 29. Rg5+ Kh8 30. Rf1 $1 {[%cal Rf1f7]} f5 {[#]} 31. Rfxf5 $2 ({Inferior is} 31. Qa7 Nd7 $17) ({White has to play} 31. Bg4 $1 $18 {[%mdl 512] And now g3 would win.} fxe4 (31... fxg4 32. Nd6) 32. g3 Qxg5 33. Qxg5) 31... Bxf5 $11 32. Rxf5 {Threatens to win with Ng5.} Nd7 $1 33. Qf3 (33. Ng5 $11 {remains equal.} Rf6 34. Rxf6 Nxf6 35. Nf7+ {[%mdl 64] Double Attack} Kg8 36. Nh6+ Kh8 37. Nf7+ {[%mdl 64] Double Attack} Kg8 38. Nh6+ Kh8 39. Nf7+ {[%mdl 64] Double Attack}) 33... Kg8 (33... Rg6 $1 $17 34. Rf7 Re7) 34. d6 {White wants to play Rg5+.} Rf8 35. Rxf8+ Nxf8 36. b3 $1 {[%cal Rb3c4]} c3 37. Nxc3 (37. Qd3 $11 {keeps the balance.}) 37... Rxd6 $17 38. Bxb5 {Hoping for Bc4+.} Ng6 39. Ne4 Rd8 40. Bc4+ Kh8 41. Kh2 Qf4+ $1 42. Qxf4 exf4 {[%mdl 4096] Endgame KRN-KBN} 43. Ng5 {aiming for Nf7+.} Rd2 $1 44. Nf3 Rf2 {Played: Rd2-b2} 0-1

[Event "Athens of East GM-Open 2019"]
[Site "Madurai"]
[Date "2019.08.14"]
[Round "5.13"]
[White "Muthaiah AL"]
[Black "Michelle Catherina, P."]
[Result "1-0"]
[WhiteElo "2384"]
[BlackElo "2154"]
[Annotator "TA"]
[PlyCount "79"]
[EventDate "2019.08.11"]
[EventType "swiss"]
[EventCountry "IND"]
[SourceTitle "playchess.com"]
[Source "ChessBase"]
[SourceQuality "1"]

{[%evp 14,91,31,18,45,41,41,12,29,27,40,6,7,8,9,6,11,0,0,-5,-5,-5,-5,-5,-4,-4,-8,-6,-9,-10,-10,0,0,0,0,0,93,102,103,0,0,0,42,44,17,-11,-11,-18,0,0,0,0,18,18,30,25,301,309,516,502,676,640,29986,29987,29991,29986,29989,29987,29987,29988,29994,29990,29990,29991,29992,29991,29992,29993,29996,29997]} 1. c4 Nf6 2. Nc3 e6 3. e4 d5 4. cxd5 exd5 5. e5 d4 6. exf6 dxc3 7. dxc3 Qxf6 8. Nf3 Be7 {A18: English Opening: Flohr-Mikenas System (1 c4 Nf6 2 Nc3 e6 3 e4)} (8... Bc5 9. Bg5 Qe6+ 10. Be2 O-O 11. O-O Nc6 12. Bh4 Be7 13. Bg3 Rd8 14. Qc2 Bd6 15. Bxd6 Qxd6 16. Rad1 {½-½ (30) Beltran Rueda,S (2362)-Deepak,K (2108) Sitges 2018}) 9. Bd3 $146 ({Predecessor:} 9. Bg5) 9... O-O 10. Qe2 {Strongly threatening Bg5.} Nc6 {The position is equal.} 11. Bg5 Qe6 12. Be3 Ne5 13. Nxe5 Qxe5 14. O-O Bc5 15. Qc2 Bxe3 16. Bxh7+ Kh8 {Threatens to win with ...Bf4.} 17. fxe3 f5 ({Not} 17... g6 $2 18. Bxg6 $1 {[%mdl 512]} f5 19. e4 $18) 18. Bg6 {Qe2 is the strong threat.} Rf6 19. Bh5 $1 Rh6 20. Bf3 Qxh2+ 21. Kf2 Qh4+ 22. Ke2 $1 Be6 {And now ...Bc4+ would win.} 23. b3 Re8 24. Rh1 Qxh1 (24... Qf6 $11 {keeps the balance.}) 25. Rxh1 $16 Rxh1 26. Kf2 ({Only move:} 26. Bxb7 $16 Re7 27. Bf3) 26... c6 $11 27. Qd2 Rh6 28. Qd4 a6 29. e4 fxe4 30. Qxe4 Bf7 31. Qb4 b5 32. Qa5 c5 33. Qc7 Bh5 34. g4 Bg6 $2 {[%mdl 8192] [#]} (34... Rf6 $1 $11 35. Kg2 (35. gxh5 Ref8 $11) 35... Bf7) 35. g5 $1 $18 {[%cal Rg5h6]} Rh4 $2 (35... Rh3 36. Qd7 Rxf3+ 37. Kxf3 Rf8+ 38. Ke3 Re8+ 39. Kf2 Re5) 36. Kg3 Rh7 37. Qc6 {[%mdl 64] Double Attack} Re1 38. Qxg6 {White mates.} c4 39. Be4 {[%csl Ge4][%cal Rg6h7]} Re3+ {[#]} 40. Kg4 {Played: Kg3-f4} 1-0

[Event "Athens of East GM-Open 2019"]
[Site "Madurai"]
[Date "2019.08.14"]
[Round "5.14"]
[White "Nikhil Magizhnan"]
[Black "Om Kharola"]
[Result "1-0"]
[WhiteElo "2164"]
[BlackElo "2357"]
[Annotator "TA"]
[PlyCount "97"]
[EventDate "2019.08.11"]
[EventType "swiss"]
[EventCountry "IND"]
[SourceTitle "playchess.com"]
[Source "ChessBase"]
[SourceQuality "1"]

{[%evp 20,97,0,0,0,0,0,0,10,12,14,17,24,24,19,12,33,12,57,38,163,42,50,56,314,299,404,89,90,129,97,-6,413,387,444,440,438,417,705,752,752,745,737,725,844,808,998,821,807,793,836,837,941,938,1223,1068,1068,1068,1068,1068,1055,1047,1043,1029,1022,1007,979,954,948,889,5210,5210,5210,5210,5210,5197,5202,1801,1087,1058]} 1. e4 e5 2. Nf3 Nc6 3. d4 ({Predecessor:} 3. Bc4 Nf6 4. d4 {½-½ (34) Van der Kooij,J-Oosterhoff,J Netherlands 1991}) 3... exd4 4. Bc4 Nf6 5. O-O Nxe4 6. Re1 d5 7. Bxd5 Qxd5 8. Nc3 Qa5 9. Nxe4 Be6 10. Bd2 Qf5 11. Bg5 $1 h6 {C56: Two Knights: 4 d4 exd4 5 0-0 Nxe4} 12. Bh4 Bc5 13. b4 $146 (13. Nxc5 Qxc5 14. b4 Qxb4 15. Rb1 Qa5 16. Nxd4 Nxd4 17. Qxd4 O-O 18. a4 c5 19. Qa1 {0-1 (33) Pisk,P (2389)-Banusz,T (2580) Austria 2013}) 13... Bb6 {The position is equal.} 14. a4 $1 {[%cal Ra4a5] a5 is the strong threat.} (14. Ng3 Qb5 $17) 14... a5 $1 {[%cal Ra5b4]} (14... Nxb4 $2 15. Nxd4 Qg6 16. Nxe6 $18) 15. b5 $1 {[%cal Rb5c6]} Nb4 $1 16. Nxd4 Bxd4 17. Qxd4 O-O 18. Rac1 Qg4 19. Be7 c5 (19... Rfe8 $14) 20. Qe5 (20. Qxc5 $6 Rfc8 $11) (20. Qb2 $18) 20... Rfe8 $14 21. Re3 {Strongly threatening Rg3.} (21. Qxc5 Rac8 $17) 21... f6 $2 {[%mdl 8192] [#]} (21... Qf5 $1 $14 22. Qxf5 (22. Qxc5 Qg6 $14) 22... Bxf5) 22. Qd6 $1 $18 {aiming for Nxf6+!} (22. Qxc5 Nd5 $16) 22... Kf7 23. Nxc5 $2 (23. h3 $18 {has better winning chances.} Qg6 24. Nxc5 Bxh3 25. Rxh3 Rxe7 26. Rg3) 23... Bd5 $16 {[%csl Gd5][%cal Rg4g2]} 24. Rg3 $36 {[%mdl 2048] White is really pushing.} Qf5 25. c4 (25. Bf8 $1 $16 {[%csl Gf8][%cal Rg3g7]} g5 26. Bxh6 Nxc2 27. Nxb7 Bxb7 28. h4) 25... Bxc4 $2 {[%mdl 8192]} (25... Rxe7 $11 {and Black has nothing to worry.} 26. cxd5 Rae8) 26. Bf8 $18 {[%csl Gf8][%cal Rg3g7]} g5 27. Qc7+ ({Weaker is} 27. Rf3 Qe5 $14) 27... Kxf8 28. Rf3 Qxf3 (28... Qc2 $142 29. Nd7+ {[%mdl 64] Double Attack, Discovered Attack} Kg8 30. Nxf6+ {[%mdl 64] Double Attack} Kh8) 29. gxf3 {White is clearly winning.} Bf7 30. Nxb7 Nd5 31. Qc5+ Kg7 32. Nd6 Re5 33. Nxf7 Kxf7 34. b6 Rae8 35. Qc4 Kg7 36. b7 Nf4 37. Qc7+ R5e7 38. b8=Q {Intending Qxe8 and mate.} Ne2+ 39. Kg2 {White threatens Qxe8 and mate.} Nxc1 40. Qbb7 Rxc7 41. Qxc7+ {[%mdl 64] [#] Double Attack} Kg6 42. Qxc1 {[%mdl 4096] Endgame KQ-KR} Re5 43. Qc2+ Kg7 44. Kg3 h5 45. f4 gxf4+ 46. Kxf4 Rg5 47. h3 Kh6 48. Qc8 Kg7 49. h4 {Accuracy: White = 56%, Black = 38%.} 1-0

[Event "Athens of East GM-Open 2019"]
[Site "Madurai"]
[Date "2019.08.14"]
[Round "5.15"]
[White "Anilkumar, O.T."]
[Black "Rathnakaran, K.."]
[Result "0-1"]
[WhiteElo "2023"]
[BlackElo "2344"]
[Annotator "TA"]
[PlyCount "82"]
[EventDate "2019.08.11"]
[EventType "swiss"]
[EventCountry "IND"]
[SourceTitle "playchess.com"]
[Source "ChessBase"]
[SourceQuality "1"]

{[%evp 9,82,69,72,58,79,75,79,79,62,52,59,56,54,56,110,52,44,48,51,23,53,53,39,45,37,25,31,-10,-20,-16,0,-66,-57,-251,-232,-282,-275,-366,-368,-358,-358,-362,-348,-349,-327,-428,-416,-401,-261,-297,-214,-212,-214,-275,-257,-265,-250,-230,-209,-198,-216,-216,-216,-208,-210,-224,-224,-224,-216,-326,-323,-284,-191,-296,-421]} 1. c4 e5 2. Nc3 Nc6 3. g3 h5 4. h3 f5 $146 ({Predecessor:} 4... Bc5 5. Bg2 d6 6. d3 h4 7. g4 Nge7 8. Nf3 Nd4 9. Ng5 c6 10. O-O Ne6 {1-0 (85) Mamedov,R (2658)-Shyam,S (2484) Al Ain 2014}) 5. h4 Nf6 6. Bg2 {A25: English Opening vs King's Indian with ...Nc6 but without early d3} Bc5 7. e3 d6 8. Nge2 {White is better.} Bb6 9. b3 Qe7 10. Bb2 Bd7 11. a3 a5 ({Black should try} 11... O-O-O $14) 12. Nd5 (12. O-O $16) 12... Nxd5 $14 13. cxd5 Nd8 {[%cal Bc6d8,Bd8f7,Bf7h6,Bh6g4][%mdl 32]} 14. d4 Nf7 15. a4 Nh6 16. dxe5 dxe5 17. d6 cxd6 18. Bxb7 Rb8 19. Bd5 Ng4 20. Qd2 (20. Qd3 $11) 20... Rf8 21. Ba3 $2 {[#]} (21. Rf1 $15) 21... f4 $1 $19 {[%cal Rf4e3][%mdl 512]} 22. gxf4 (22. exf4 Bxf2+) 22... exf4 23. Nxf4 Rxf4 24. Bxd6 Qxd6 25. Bf7+ Ke7 26. Qxd6+ Kxd6 27. exf4 Nxf2 28. Rf1 Rf8 29. Bxh5 Rxf4 {Hoping for ...Bd4.} 30. Rd1+ Ke7 {...Re4+ is the strong threat.} 31. Rd2 {[%cal Rd2f2]} Rxh4 32. Bg6 Rh6 33. Re2+ Kd8 34. Bc2 Ng4 35. Rf8+ Kc7 36. Rf7 Ne3 37. Rxg7 Bd4 38. Rh7 {[#]} Rc6 $1 39. Be4 (39. Rxe3 $142 Bxe3 40. Bf5) 39... Rc1+ 40. Kf2 Rf1+ 41. Kg3 Be5+ {Accuracy: White = 55%, Black = 75%.} (41... Rf8 $142 42. Bd3 Kd6 43. Rh6+ Kc5) 0-1

[Event "Athens of East GM-Open 2019"]
[Site "Madurai"]
[Date "2019.08.14"]
[Round "5.16"]
[White "Arnav Maheshwari"]
[Black "Saravana, Krishnan P."]
[Result "1/2-1/2"]
[WhiteElo "1966"]
[BlackElo "2277"]
[Annotator "NA"]
[PlyCount "64"]
[EventDate "2019.08.11"]
[EventType "swiss"]
[EventCountry "IND"]
[SourceTitle "playchess.com"]
[Source "ChessBase"]
[SourceQuality "1"]
[TimeControl "5400+30"]

1. e4 {[%emt 0:00:00]} e6 {[%emt 0:00:00]} 2. d4 {[%emt 0:00:00]} d5 {[%emt 0:00:00]} 3. Nd2 {[%emt 0:00:00]} h6 {[%emt 0:02:49]} 4. Ngf3 {[%emt 0:02:31]} Nf6 {[%emt 0:00:07]} 5. Bd3 {[%emt 0:03:19]} c5 {[%emt 0:00:29]} 6. exd5 {[%emt 0:00:15]} exd5 {[%emt 0:00:59]} 7. Qe2+ {[%emt 0:00:40]} Be7 {[%emt 0:01:22]} 8. dxc5 {[%emt 0:00:33]} O-O {[%emt 0:00:37]} 9. O-O {[%emt 0:02:43]} Bxc5 {[%emt 0:00:48]} 10. Nb3 {[%emt 0:00:18]} Re8 {[%emt 0:02:18]} 11. Qd1 {[%emt 0:01:35]} Bb6 {[%emt 0:01:18]} 12. Re1 {[%emt 0:01:07]} Nc6 {[%emt 0:02:46]} 13. h3 {[%emt 0:02:40]} Bd7 {[%emt 0:10:09]} 14. c3 {[%emt 0:04:18]} Qc7 {[%emt 0:07:11]} 15. Nbd4 {[%emt 0:03:46]} Rxe1+ {[%emt 0:03:46]} 16. Qxe1 {[%emt 0:00:29]} Re8 {[%emt 0:00:07]} 17. Be3 {[%emt 0:10:35]} Ne5 {[%emt 0:18:04]} 18. Nxe5 {[%emt 0:07:06]} Qxe5 {[%emt 0:00:21]} 19. Qf1 {[%emt 0:20:25]} Qd6 {[%emt 0:04:23]} 20. Bb5 {[%emt 0:04:19]} Re4 {[%emt 0:07:08]} 21. Bxd7 {[%emt 0:01:52]} Qxd7 {[%emt 0:02:21]} 22. Re1 {[%emt 0:02:24]} Qa4 {[%emt 0:04:35]} 23. Ra1 {[%emt 0:04:58]} Qe8 {[%emt 0:04:09]} 24. Qd3 {[%emt 0:02:26]} Nd7 {[%emt 0:06:34]} 25. Nc2 {[%emt 0:05:51]} Qe5 {[%emt 0:02:05]} 26. Rd1 {[%emt 0:03:56]} Bc7 {[%emt 0:02:01]} 27. Qxd5 {[%emt 0:05:28]} Qh2+ {[%emt 0:09:27]} 28. Kf1 {[%emt 0:00:04]} Nf6 {[%emt 0:00:10]} 29. Qxb7 {[%emt 0:00:13]} Kh7 {[%emt 0:00:15]} 30. Rd4 {[%emt 0:11:09]} Re7 {[%emt 0:08:41]} 31. Rd1 Re4 {[%emt 0:00:30]} 32. Qc8 {[%emt 0:01:00]} Bb6 {[%emt 0:00:30]} 1/2-1/2

[Event "Athens of East GM-Open 2019"]
[Site "Madurai"]
[Date "2019.08.14"]
[Round "5.17"]
[White "Kunal, M.."]
[Black "Sibi Visal R"]
[Result "1-0"]
[WhiteElo "2306"]
[BlackElo "2118"]
[Annotator "TA"]
[PlyCount "55"]
[EventDate "2019.08.11"]
[EventType "swiss"]
[EventCountry "IND"]
[SourceTitle "playchess.com"]
[Source "ChessBase"]
[SourceQuality "1"]

{[%evp 9,55,24,19,-53,18,15,10,10,10,10,10,2,22,22,16,16,11,1,27,30,125,119,114,114,190,189,160,176,169,172,232,222,310,306,289,252,248,243,893,891,827,881,875,866,866,762,874,863]} 1. e4 c6 2. d4 d5 3. Nd2 dxe4 4. Nxe4 Bf5 5. Qf3 e6 6. Bd3 {B18: Classical Caro-Kann: 4...Bf5 sidelines} (6. Ne2 $11) 6... Nf6 (6... Qxd4 $15 7. Ne2 Bxe4 8. Bxe4 (8. Nxd4 Bxf3 9. Nxf3 Nd7 $15) 8... Qd8) 7. Nxf6+ $11 Qxf6 8. Bxf5 {The position is equal.} Qxf5 9. Qxf5 exf5 10. Bf4 Kd7 11. O-O-O $146 ({Predecessor:} 11. Nf3 f6 12. O-O-O g5 13. Bxb8 Rxb8 {½-½ (42) Petrosian,T (2477)-Asrian,K (2599) Stepanakert 2004}) 11... Bd6 12. Nh3 $36 {[%mdl 2048] White has some pressure.} Na6 13. d5 {Strongly threatening dxc6+.} Bxf4+ (13... c5 {is interesting.} 14. c4 h6 15. b3 Rhb8 16. Bxd6 Kxd6 17. Kd2 b5) 14. Nxf4 Nc7 (14... g6 $11) 15. dxc6+ $1 $16 Kxc6 16. Nd3 $1 Rhe8 {[#]} (16... Rad8 $16) 17. Nb4+ $1 $18 Kc5 {[#]} 18. Rd7 $1 {[%mdl 64] Double Attack} Kxb4 19. Rxc7 {[%mdl 4096] Endgame KRR-KRR} b6 (19... Re2 {was necessary.} 20. Rxb7+ Kc5) 20. Rd1 (20. Rxf7 $6 g6) 20... Re2 21. Rd5 {Intending a3+ and mate.} (21. Rxf7 Rxf2 22. Rxg7 Kc5 $16) 21... b5 22. a3+ (22. Rxf7 $6 Rxf2 23. c3+ (23. Rxg7 Re8 $16) (23. Rfxf5 Rxf5 24. Rxf5 Rg8 $16) (23. Rdxf5 Rxg2 24. c3+ Ka5 $14) 23... Ka5 $18) 22... Ka5 23. b4+ (23. Rxf7 $6 a6) 23... Ka4 $2 {[#]} (23... Kb6 24. Rxf7 Rc8 25. Rd6+ (25. Rfxf5 Rcxc2+ 26. Kd1 Rxf2 $14) (25. Rxg7 Rexc2+ 26. Kd1 Rxf2 $16) (25. Rdxf5 Rcxc2+ 26. Kd1 Rcd2+ 27. Kc1 Rc2+ 28. Kd1 Rcd2+ 29. Kc1 Rc2+ $11) 25... Rc6 26. Rxc6+ Kxc6 27. Rxf5 (27. Rxa7 g5 $16) 27... Re7) 24. Rd8 $1 {[%mdl 512] White is clearly winning.} Kxa3 (24... Rxd8 25. Rxa7#) 25. Rxa8 Rxf2 26. Raxa7+ Kxb4 27. Rxf7 g6 28. g4 {Accuracy: White = 80%, Black = 23%.} 1-0